000 00733nam a2200241Ia 4500
003 OSt
005 20220930193135.0
006 a|||||r|||| 00| 0
007 ta
008 220926b |||||||| |||| 00| 0 eng d
024 _a11134
037 _cDissertations
040 _aCRL
_cCRL
_beng
041 _2eng
_aeng
100 _aMohanty Sushma
_9562004
110 _aUniversity of Delhi. Faculty of Social Sciences. Department of African Studies
_9519560
245 0 _aLiberation movement in Angola
260 _c1979
650 _aAFRICA - HISTORY
700 _aUniversity of Delhi. Faculty of Social Sciences. Department of African Studies
_9519562
942 _cDIS
_2CC
999 _c896120
_d896120